Survey on fattening pig diseases in touch channthol farm at angsnoul district, kandal province; ការអង្កេតពីជំងឺដែលជួបប្រទះលើជ្រូកសាច់នៅកសិដ្ឋាន ទូច ចាន់ថុល ក្នុងស្រុកអង្គស្នួល ខេត្តកណ្តាល (Record no. 10998)
[ view plain ]
| 000 -LEADER | |
|---|---|
| fixed length control field | 00766nam a22001577a 4500 |
| 003 - CONTROL NUMBER IDENTIFIER | |
| control field | OSt |
| 005 - DATE AND TIME OF LATEST TRANSACTION | |
| control field | 20161129153142.0 |
| 008 - FIXED-LENGTH DATA ELEMENTS--GENERAL INFORMATION | |
| fixed length control field | 161129b xxu||||| |||| 00| 0 eng d |
| 040 ## - CATALOGING SOURCE | |
| Transcribing agency | RUA |
| 082 ## - DEWEY DECIMAL CLASSIFICATION NUMBER | |
| Classification number | VEM PEN 2015 B543 Or.1 |
| 100 ## - MAIN ENTRY--PERSONAL NAME | |
| 9 (RLIN) | 11442 |
| Personal name | PEN SREYROTH; ពិន ស្រីរ័ត្ន |
| 245 ## - TITLE STATEMENT | |
| Title | Survey on fattening pig diseases in touch channthol farm at angsnoul district, kandal province; ការអង្កេតពីជំងឺដែលជួបប្រទះលើជ្រូកសាច់នៅកសិដ្ឋាន ទូច ចាន់ថុល ក្នុងស្រុកអង្គស្នួល ខេត្តកណ្តាល |
| 260 ## - PUBLICATION, DISTRIBUTION, ETC. (IMPRINT) | |
| Place of publication, distribution, etc. | Phnom Penh |
| Name of publisher, distributor, etc. | RUA |
| Date of publication, distribution, etc. | 2015 |
| 300 ## - PHYSICAL DESCRIPTION | |
| Extent | ix; 36p; |
| Other physical details | ill; |
| Dimensions | 29cm; |
| 942 ## - ADDED ENTRY ELEMENTS (KOHA) | |
| Source of classification or shelving scheme | |
| Koha item type | VEM |
| Price effective from | Date last seen | Permanent Location | Not for loan | Date acquired | Source of classification or shelving scheme | Koha item type | Lost status | Withdrawn status | Date last checked out | Total Checkouts | Shelving location | Damaged status | Barcode | Current Location | Full call number |
|---|---|---|---|---|---|---|---|---|---|---|---|---|---|---|---|
| 2016-11-29 | 2016-11-29 | Library Block B | 2016-11-29 | VEM | B543 | A03145 | Library Block B | VEM PEN 2015 B543 Or.1 | |||||||
| 2016-11-29 | 2018-12-26 | Library Block B | 2016-11-29 | VEM | 2018-12-05 | 1 | B543 | A02999 | Library Block B | VEM PEN 2015 B543 Or.2 | |||||
| 2016-11-29 | 2016-11-29 | Library Block B | 2016-11-29 | VEM | B543 | A04190 | Library Block B | VEM PEN 2015 B543 Or.3 | |||||||
| 2016-11-29 | 2016-11-29 | Library Block B | 2016-11-29 | VEM | B543 | A01456 | Library Block B | VEM PEN 2015 B543 Or.4 | |||||||
| 2016-11-29 | 2016-11-29 | Library Block B | 2016-11-29 | VEM | B543 | A04115 | Library Block B | VEM PEN 2015 B543 Or.5 | |||||||
| 2016-11-29 | 2016-11-29 | Library Block B | 2016-11-29 | VEM | B543 | A03048 | Library Block B | VEM PEN 2015 B543 Or.6 | |||||||
| 2016-11-29 | 2016-11-29 | Library Block B | 2016-11-29 | VEM | B543 | A04225 | Library Block B | VEM PEN 2015 B543 Or.7 | |||||||
| 2016-11-29 | 2016-11-29 | Library Block B | 2016-11-29 | VEM | B543 | A03351 | Library Block B | VEM PEN 2015 B543 Or.8 |